000 00414nam a2200157Ia 4500
008 230524s9999 xx 000 0 und d
082 _a621.38
_bCHA
100 _aA.Chakrabarti
245 3 _aAn Introduction to Network Filters and Transmission Lines
250 _a2ND
260 _aNEW DELHI
_bDhanpat Rai
_c2000
300 _aXVI;12.21+E3
500 _aQuantity Number: 4
650 _aElectrical
942 _cBK
999 _c4095
_d4095